Environment impact assessment (Record no. 103150)

MARC details
000 -LEADER
fixed length control field 01067cam a2200241 4500
008 - FIXED-LENGTH DATA ELEMENTS--GENERAL INFORMATION
fixed length control field 031029n2003 000 0 eng u
020 ## - INTERNATIONAL STANDARD BOOK NUMBER
International Standard Book Number 0471457221
035 ## - SYSTEM CONTROL NUMBER
System control number (Sirsi) u124117
041 ## - LANGUAGE CODE
Language code of text/sound track or separate title eng
050 ## - LIBRARY OF CONGRESS CALL NUMBER
Classification number 711.1
-- 18
050 ## - LIBRARY OF CONGRESS CALL NUMBER
Classification number 333.714
-- 21
100 ## - MAIN ENTRY--PERSONAL NAME
Personal name Lawrence, David P.
245 ## - TITLE STATEMENT
Title Environment impact assessment
Remainder of title practical solutions to recurrent problems
260 ## - PUBLICATION, DISTRIBUTION, ETC.
Place of publication, distribution, etc. New Jersey
Name of publisher, distributor, etc. Wiley
Date of publication, distribution, etc. 2003
300 ## - PHYSICAL DESCRIPTION
Extent xiii, 562p.
Dimensions 25cm.
350 ## - PRICE (NR) (BK AM CF MU VM SE) [OBSOLETE]
Price 64.50
520 ## - SUMMARY, ETC.
Summary, etc. Provides practical solutions to Environment Impact Assessment (EIA) practitioners for major, recurrent problems encountered in daily EIA practice. Examines conventional EIA processes and then looks at ways to make EIAs more rigorous, rational, substantive, practical, democratic, collaborative, ethical and adaptive. Concludes by describing how to connect and combine EIA processes. References.
650 ## - SUBJECT ADDED ENTRY--TOPICAL TERM
Topical term or geographic name entry element ENVIRONMENTAL IMPACT ASSESSMENTS
650 ## - SUBJECT ADDED ENTRY--TOPICAL TERM
Topical term or geographic name entry element PLANNING PROCESS
650 ## - SUBJECT ADDED ENTRY--TOPICAL TERM
Topical term or geographic name entry element ENVIRONMENTAL REGULATION
690 ## - LOCAL SUBJECT ADDED ENTRY--TOPICAL TERM (OCLC, RLIN)
Topical term or geographic name as entry element ENVIRONMENTAL AND LAND CONSULTANCY
942 ## - ADDED ENTRY ELEMENTS (KOHA)
Suppress in OPAC 0
Holdings
Withdrawn status Lost status Source of classification or shelving scheme Damaged status Not for loan Home library Current library Shelving location Date acquired Cost, normal purchase price Total Checkouts Full call number Barcode Date last seen Date last checked out Copy number Cost, replacement price Price effective from Koha item type
    Other/Generic Classification Scheme     London London Books 10/11/2003 64.50 3 711.1 LAW 30067900 06/08/2019 08/06/2009 1 64.50 06/08/2019 Book